000 00461nam a22001817a 4500
003 OSt
005 20210914095000.0
008 210914b |||||||| |||| 00| 0 eng d
020 _a0240804333
040 _chu
082 _2third editin
_a070.19
100 _ated whie
_93343
245 _abroadcast news writing reporting and producing
250 _athird edition
260 _asouthern universty
_bhall
_c070.19/whi
300 _a485
942 _2ddc
_cBOOKS
_n0
999 _c3585
_d3585